00397pab a2200145 454500008004000000100001800040245005900058260000900117300001500126362000800141650003500149650002500184650001800209773002400227180718b2017 xxu||||| |||| 00| 0 eng d aKaur, Ravneet aDesertion of NRI married women: a case study of Punjab c2017 ap.103-124. aJun aMarried women - India - Punjab aNon resident Indians aMarried women aMan and Development